000 01767nam a2200229Ia 4500
003 OSt
005 20210909163434.0
008 210310s1986 ck ad gr 000 0 spa d
040 _aCO-JMCR
_cCO-JMCR
041 0 _aspa
082 0 4 _a338.23 /
_bF467d
_223
100 1 _aFlórez E., Luis B.,
_eautor
_928153
245 1 0 _aDesarrollo y política económica en economías minero-exportadoras /
_cLuis E. Flórez E.
260 _aBogotá :
_bCentro de Investigaciones para el Desarrollo,
_c1986.
300 _a140 páginas ;
_c24 cm.
505 0 _aEstructura y procesos económicos en economía minero-explotadoras. -- Perú: riqueza minera y estacionamiento económico. -- Venezuela: petróleo, acumulación y crisis. -- Canadá: minería y desarrollo. -- Economía y política del sector minero.
520 0 _aEste libro es, ante todo, una invitación a reflexionar sobre el manejo y la utilización de la riqueza minera de los países. Con base en un examen detallado de las características internacionales y de las políticas aplicadas en distintos países, el autor nos invita a rescatar lecciones positivas y evitar reiterar errores que, en otras partes, han impedido que las riquezas naturales se pongan al servicio del desarrollo económico y social. El autor es Economista de la Universidad Nacional y Master del Institute of Social Studies. Ha sido Decano de la Facultad de Ciencias Económicas de la Universidad Nacional, profesor de la misma y Profesor Titular de la Universidad Externado de Colombia. Es co-autor de varios libros y de numerosos artículos sobre desarrollo y política económica.
650 1 4 _aProcesos economía
_940216
650 2 4 _aEstancamiento económico
_940217
650 2 4 _aAcumulación y crisis
_940218
942 _2ddc
_cBK
999 _c12409
_d12409